000 00530cam a22001937a 4500
008 180718b xxu||||| |||| 00| 0 eng d
082 _aR151x42 Sm54
100 _aSmith, David J.
245 _aRacial disadvantage in employment
_cby David J. Smith
260 _aLondon
_bPEP
_c
300 _av.p.
500 _aSocial Science Institute
650 _aEmployee relations
650 _aTrade Unions
650 _aPromotion
650 _aRecruitment
650 _aEmployment
650 _aRacial discrimination-policy and practice
999 _c434434
_d434434